000 00702nam a22002057a 4500
999 _c18608
_d18608
003 AR-CdUCM
008 190514b ||||| |||| 00| 0 spa d
040 _aMUNICIPALIDAD PROVINCIAL DEL CUSCO
_cBIBLIOTECA MUNICIPAL DEL CUSCO
082 _a943.86 /
_bB23
100 _aBarrés, Philippe
_939295
245 _aLa verdad sobre Alemania :
_bbajo la ola hitlerista /
260 _aChile :
_bErcilla,
_c1934.
300 _a118 páginas ;
_c23 cm.
440 _aBiblioteca Ercilla
_n23
_939296
505 _aContenido: El alma nacional socialista -- Comienzo del reino.
650 _aHitler
_92451
700 _aEspinosa, Januario (traducción)
_939297
942 _2ddc
_cLIBROS
945 _adavv
_d2019-05-14